000 00553nam a2200205Ia 4500
003 OSt
005 20230405104718.0
008 210423s2010 xx 000 0 und d
020 _a8130904719
040 _cAL
041 _aeng
082 _a809.935 BLOH
100 _aBLOOM (Harold),Ed.
_983140
245 _aViva blooms notes William Shakespeares Othello.
260 _aNew Delhi
_bViva Books Pvt Ltd
_c2010
300 _a88
_bPB
365 _b70
_cINR
906 _ablooms ; notes ; Othello. ; Shakespeares ; Viva ; William
942 _2ddc
_cBK
999 _c158091
_d158091